MARC details
| 000 -CABECERA |
| campo de control de longitud fija |
03203nam a2200409 a 4500 |
| 003 - IDENTIFICADOR DEL NÚMERO DE CONTROL |
| campo de control |
CHAP |
| 005 - FECHA Y HORA DE LA ÚLTIMA TRANSACCIÓN |
| campo de control |
20230320172640.0 |
| 007 - CAMPO FIJO DE DESCRIPCIÓN FÍSICA--INFORMACIÓN GENERAL |
| campo de control de longitud fija |
ta |
| 008 - DATOS DE LONGITUD FIJA--INFORMACIÓN GENERAL |
| campo de control de longitud fija |
230320s2012 sp o|||f |||| 001 0 spa d |
| 020 ## - NÚMERO INTERNACIONAL ESTÁNDAR DEL LIBRO |
| Número Internacional Estándar del Libro |
978-84-8476-507-3 |
| 040 ## - FUENTE DE LA CATALOGACIÓN |
| Centro catalogador/agencia de origen |
mxchpua |
| Centro/agencia transcriptor |
CHAP |
| Normas de descripción |
rda |
| 050 10 - SIGNATURA TOPOGRÁFICA DE LA BIBLIOTECA DEL CONGRESO |
| Número de clasificación |
SB353 |
| Número de documento/Ítem |
.S26 2012 |
| 082 00 - NÚMERO DE LA CLASIFICACIÓN DECIMAL DEWEY |
| Número de clasificación |
635.8 |
| Número de documento/Ítem |
S26 2012 |
| Número de edición |
20 |
| 100 1# - ENTRADA PRINCIPAL--NOMBRE DE PERSONA |
| 9 (RLIN) |
186469 |
| Nombre de persona |
Sánchez Rodríguez, Juan Antonio |
| Término indicativo de función/relación |
autor |
| 245 10 - MENCIÓN DE TÍTULO |
| Título |
Setas comestibles y tóxicas : |
| Resto del título |
diferencias y semejanzas / |
| Mención de responsabilidad, etc. |
Juan Antonio Sánchez Rodríguez ; fotógrafos Aurelio García Blanco...[y otros] |
| 250 ## - MENCIÓN DE EDICIÓN |
| Mención de edición |
1a edición |
| 264 ## - PRODUCCIÓN, PUBLICACIÓN, DISTRIBUCIÓN, FABRICACIÓN Y COPYRIGHT |
| Producción, publicación, distribución, fabricación y copyright |
España : |
| Nombre del de productor, editor, distribuidor, fabricante |
Mundi-Prensa, |
| Fecha de producción, publicación, distribución, fabricación o copyright |
2012 |
| 300 ## - DESCRIPCIÓN FÍSICA |
| Extensión |
301 páginas : |
| Otras características físicas |
fotos |
| 336 ## - TIPO DE CONTENIDO |
| Fuente |
rdacontent |
| Término de tipo de contenido |
texto |
| Código de tipo de contenido |
txt |
| 337 ## - TIPO DE MEDIO |
| Fuente |
rdamedia |
| Nombre/término del tipo de medio |
sin medio |
| Código del tipo de medio |
n |
| 338 ## - TIPO DE SOPORTE |
| Fuente |
rdacarrier |
| Nombre/término del tipo de soporte |
volumen |
| Código del tipo de soporte |
nc |
| 504 ## - NOTA DE BIBLIOGRAFÍA, ETC. |
| Nota de bibliografía, etc. |
Bibliografía: páginas 277-283 |
| 505 0# - NOTA DE CONTENIDO CON FORMATO |
| Nota de contenido con formato |
1. Comercialización de setas para uso alimentario. --<br/>Setas silvestres que pueden ser objeto de comercialización en fresco. --<br/>Setas cultivadas que pueden ser objeto de comercialización en fresco. --<br/>Setas que solo pueden ser objeto de comercialización tras un tratamiento. --<br/>Setas que no se pueden comercializar en ninguna presentación. --<br/><br/>2. Setas venenosas. Intoxicaciones más frecuentes. --<br/>Intoxicaciones de larga incubación. Intoxicaciones de corta incubación. --<br/>Otras intoxicaciones. --<br/><br/>3. Setas comestibles y tóxicas. Diferencias y semejanzas. --<br/><br/>4. Normas y consejos para la recolección y consumo de setas. |
| 520 2# - SUMARIO, ETC. |
| Sumario, etc. |
En el Reino de los Hongos existen setas comestibles que todos los años atraen a multitud de aficionados por sus características organolépticas pero también existen especies tóxicas que son perjudiciales para la salud y que pueden llegar a ser mortales. En las últimas décadas este apasionante mundo de las setas nos ha sorprendido por la aparición de nuevas especies tóxicas y por el descubrimiento de nuevos tipos de intoxicación. Este libro es una aportación novedosa para los aficionados porque describe y compara las especies comestibles más frecuentes con las tóxicas semejantes, explica los distintos tipos de intoxicaciones con las especies causantes y con fotografías en color, así como los síntomas y los tratamientos. Para ayudar más al lector se ha utilizado la normativa existente, el Real Decreto 30/2009, de 16 de enero, por el que se establecen las condiciones sanitarias para la comercialización de setas para uso alimentario, adaptado a los nuevos conocimientos y estudios realizados en las últimas décadas que, por ejemplo, prohíbe el consumo de especies como Tricholoma equestre = T. auratum que tradicionalmente se consideraba comestible. |
| 650 13 - PUNTO DE ACCESO ADICIONAL DE MATERIA--TÉRMINO DE MATERIA |
| 9 (RLIN) |
56084 |
| Término de materia o nombre geográfico como elemento de entrada |
Hongos |
| 650 13 - PUNTO DE ACCESO ADICIONAL DE MATERIA--TÉRMINO DE MATERIA |
| 9 (RLIN) |
56124 |
| Término de materia o nombre geográfico como elemento de entrada |
Hongos comestibles |
| Subdivisión general |
Comercialización |
| 650 13 - PUNTO DE ACCESO ADICIONAL DE MATERIA--TÉRMINO DE MATERIA |
| 9 (RLIN) |
56138 |
| Término de materia o nombre geográfico como elemento de entrada |
Hongos venenosos |
| 650 13 - PUNTO DE ACCESO ADICIONAL DE MATERIA--TÉRMINO DE MATERIA |
| 9 (RLIN) |
186474 |
| Término de materia o nombre geográfico como elemento de entrada |
Intoxicación por setas |
| 650 13 - PUNTO DE ACCESO ADICIONAL DE MATERIA--TÉRMINO DE MATERIA |
| 9 (RLIN) |
186475 |
| Término de materia o nombre geográfico como elemento de entrada |
Toxinas de los hongos |
| 650 13 - PUNTO DE ACCESO ADICIONAL DE MATERIA--TÉRMINO DE MATERIA |
| 9 (RLIN) |
147639 |
| Término de materia o nombre geográfico como elemento de entrada |
Mushrooms |
| 650 13 - PUNTO DE ACCESO ADICIONAL DE MATERIA--TÉRMINO DE MATERIA |
| 9 (RLIN) |
155438 |
| Término de materia o nombre geográfico como elemento de entrada |
Edible fungi |
| Subdivisión general |
Commercialization |
| 650 13 - PUNTO DE ACCESO ADICIONAL DE MATERIA--TÉRMINO DE MATERIA |
| 9 (RLIN) |
186472 |
| Término de materia o nombre geográfico como elemento de entrada |
Poisonous fungi |
| 650 13 - PUNTO DE ACCESO ADICIONAL DE MATERIA--TÉRMINO DE MATERIA |
| 9 (RLIN) |
186476 |
| Término de materia o nombre geográfico como elemento de entrada |
Mushroom poisoning |
| 650 13 - PUNTO DE ACCESO ADICIONAL DE MATERIA--TÉRMINO DE MATERIA |
| 9 (RLIN) |
186477 |
| Término de materia o nombre geográfico como elemento de entrada |
Mushroom toxins |
| 700 1# - PUNTO DE ACCESO ADICIONAL--NOMBRE DE PERSONA |
| 9 (RLIN) |
186473 |
| Nombre de persona |
García Blanco, Aurelio |
| Término indicativo de función/relación |
fotógrafo |
| 942 ## - ELEMENTOS DE PUNTO DE ACCESO ADICIONAL (KOHA) |
| Fuente del sistema de clasificación o colocación |
Dewey Decimal Classification |
| Tipo de ítem Koha |
|